000 00792nam a22002537a 4500
003 NUST
005 20210218095000.0
008 210218b ||||| |||| 00| 0 eng d
020 _a9789698113148
038 _aArshad
082 _a039.9143902
_bATA
100 _6100-01
_aAta ur Rehman
_97001
245 _6245-02
_aSains ka jahan e herit/
_cAta ur Rehman
260 _6260-03
_aPakistan:
_b[Place of publication not identified],
_c2014
300 _a613 p.
504 _aInclude References
563 _aHBK
650 _aCuriosities and wonders
_933087
650 _aScience, Herit
_935706
880 _6100-01\(3\r
_aعطاء الرحمن
880 _6245-02
_aسائنس کا جہاں حیرت
_cعطاءالرحمن
880 _6260-03
_aپاکستان
_c2014
942 _2ddc
_cBK
999 _c541282
_d541282